| 000 | 00535nam a22001937a 4500 | ||
|---|---|---|---|
| 005 | 20250616114620.0 | ||
| 008 | 250616b |||||||| |||| 00| 0 eng d | ||
| 020 |
_a9789349750227 _cRs. 370.00 |
||
| 040 | _aMAIN | ||
| 082 |
_a518.1 _bB763I |
||
| 100 | _aBuchmann, Johannes A | ||
| 245 | _aIntroduction to quantum algorithma | ||
| 260 |
_aHyderanbad _bUniversity Press _c2024 |
||
| 300 | _axvi, 371 | ||
| 440 | _aPure and applied undergraduate texts; 64 | ||
| 650 | _aMathematics | ||
| 650 | _aQuantum Algorithms | ||
| 942 | _cBK | ||
| 999 |
_c393400 _d393400 |
||